[Event "Miercurea Ciuc Bancpost op 21th"]
[Site "Miercurea Ciuc"]
[Date "2018.08.21"]
[Round "5"]
[White "Voda, Costel"]
[Black "Kocsis, Mihaly"]
[Result "1-0"]
[WhiteElo "1942"]
[BlackElo "1846"]
[PlyCount "120"]
[EventDate "2018.08.17"]
[EventType "swiss"]
[EventRounds "7"]
[EventCountry "ROU"]
[SourceTitle "CBM 189 Extra"]
[Source "ChessBase"]
[SourceDate "2019.06.03"]
[SourceVersion "1"]
[SourceVersionDate "2019.06.03"]
[SourceQuality "1"]

1. e4 e5 2. Nf3 Nc6 3. Bc4 Bc5 4. 0-0 Nf6 5. d4 Bxd4 6. Nxd4 Nxd4 7. f4 d6 8. fxe5 dxe5 9. Bg5 Ne6 10. Qxd8+ Nxd8 11. Bxf6 gxf6 12. Rxf6 Be6 13. Bxe6 Nxe6 14. Rf5 0-0-0 15. Na3 Rd4 16. Re1 Rg8 17. Rxf7 Nf4 18. g3 h5 19. Kf1 Ng6 20. c3 Rd2 21. Re2 Rd1+ 22. Re1 Rd2 23. Rf2 Rd7 24. Nc4 h4 25. gxh4 b5 26. Na3 Nf4 27. Nxb5 a6 28. Rxf4 exf4 29. Nd4 Rh7 30. Nf3 c5 31. e5 Re8 32. Re4 Rb7 33. b3 Rd7 34. Rc4 Rd5 35. Rxf4 Rd1+ 36. Ke2 Ra1 37. Ra4 Kb7 38. Ke3 Kb6 39. b4 cxb4 40. Rxb4+ Kc5 41. Rb2 Rc1 42. Rb3 Rc2 43. Ra3 Kb6 44. Rb3+ Kc5 45. a4 Kc4 46. Rb4+ Kxc3 47. Rb6 Ra2 48. Rxa6 Kb4 49. Ra7 Rf8 50. Rb7+ Ka5 51. Rb3 Rxa4 52. e6 Raf4 53. Ke2 Re8 54. Re3 Re7 55. Re5+ Kb6 56. Ke3 Rf6 57. Ke4 Rfxe6 58. Rxe6+ Rxe6+ 59. Kf5 Re3 60. Kf4 Re8 1-0

[Event "Miercurea Ciuc Bancpost op 21th"]
[Site "Miercurea Ciuc"]
[Date "2018.08.18"]
[Round "2"]
[White "Csavlovics, Jozsef"]
[Black "Voda, Costel"]
[Result "0-1"]
[WhiteElo "1527"]
[BlackElo "1942"]
[PlyCount "74"]
[EventDate "2018.08.17"]
[EventType "swiss"]
[EventRounds "7"]
[EventCountry "ROU"]
[SourceTitle "CBM 189 Extra"]
[Source "ChessBase"]
[SourceDate "2019.06.03"]
[SourceVersion "1"]
[SourceVersionDate "2019.06.03"]
[SourceQuality "1"]

1. Nf3 g6 2. c4 Bg7 3. d4 b6 4. Nc3 Bb7 5. e4 d6 6. Be3 Nd7 7. Bd3 e6 8. Qd2 Ne7 9. Bh6 0-0 10. h4 Nf6 11. Nh2 Bxh6 12. Qxh6 Kh8 13. f3 Nfg8 14. Qe3 f5 15. g3 c5 16. 0-0-0 cxd4 17. Qxd4+ e5 18. Qe3 Rc8 19. Kb1 Ba6 20. Qe2 Nc6 21. b3 Nd4 22. Qd2 Qd7 23. Ne2 fxe4 24. Nxd4 exd3 25. Nb5 Bxb5 26. cxb5 Qxb5 27. Qxd3 Qxd3+ 28. Rxd3 Rc6 29. Rhd1 Rf6 30. Ng4 Re6 31. Ne3 Ne7 32. g4 h5 33. Nc2 a5 34. b4 d5 35. bxa5 bxa5 36. Re3 d4 37. Re2 Nd5 0-1

[Event "Miercurea Ciuc Bancpost op 20th"]
[Site "Miercurea Ciuc"]
[Date "2017.08.22"]
[Round "6"]
[White "Vilcu, Matei Stefan"]
[Black "Voda, Costel"]
[Result "1-0"]
[WhiteElo "1863"]
[BlackElo "1946"]
[PlyCount "83"]
[EventDate "2017.08.17"]
[EventType "swiss"]
[EventRounds "9"]
[EventCountry "ROU"]
[SourceTitle "EXT 2020"]
[Source "ChessBase"]
[SourceDate "2019.10.17"]
[SourceVersion "1"]
[SourceVersionDate "2019.10.17"]
[SourceQuality "1"]

1. Nf3 g6 2. g3 Bg7 3. Bg2 d6 4. 0-0 c6 5. d3 Nd7 6. e4 e5 7. Nh4 Ne7 8. c3 0-0 9. Kh1 Kh8 10. f4 f6 11. Be3 exf4 12. gxf4 f5 13. Nd2 fxe4 14. dxe4 d5 15. e5 Nb6 16. a4 Nf5 17. Nxf5 Bxf5 18. a5 Nd7 19. a6 b5 20. Nb3 g5 21. Nd4 c5 22. Nxf5 Rxf5 23. Qxd5 Nb6 24. Qe6 Rf8 25. Bxa8 Qxa8+ 26. Kg1 Nd5 27. Rae1 gxf4 28. Bxc5 Rc8 29. Bd4 Rc6 30. Qh3 Rg6+ 31. Kf2 Qc6 32. Rg1 Kg8 33. Qf3 Qe6 34. Rg2 Kf7 35. Rxg6 hxg6 36. Bxa7 Bxe5 37. Qe4 Nf6 38. Qg2 Qxa6 39. Rxe5 Qxa7+ 40. Kf1 Qd7 41. Qe2 Nd5 42. Qd3 1-0

[Event "Miercurea Ciuc Bancpost op 20th"]
[Site "Miercurea Ciuc"]
[Date "2017.08.19"]
[Round "3"]
[White "Boehm, Manfred"]
[Black "Voda, Costel"]
[Result "1/2-1/2"]
[WhiteElo "1718"]
[BlackElo "1946"]
[PlyCount "43"]
[EventDate "2017.08.17"]
[EventType "swiss"]
[EventRounds "9"]
[EventCountry "ROU"]
[SourceTitle "EXT 2020"]
[Source "ChessBase"]
[SourceDate "2019.10.17"]
[SourceVersion "1"]
[SourceVersionDate "2019.10.17"]
[SourceQuality "1"]

1. Nf3 g6 2. d4 d6 3. c3 Bg7 4. Nbd2 Nf6 5. g3 c6 6. Bg2 Nbd7 7. 0-0 0-0 8. a4 Re8 9. Re1 e5 10. dxe5 Nxe5 11. Nxe5 Rxe5 12. Nf3 Re8 13. Bg5 Qb6 14. Bxf6 Bxf6 15. Qd2 Bf5 16. e3 Be4 17. Nd4 Bxg2 18. Kxg2 Re7 19. Nf3 Rae8 20. Reb1 a5 21. Ra3 h5 22. b4 1/2-1/2

[Event "Miercurea Ciuc Bancpost op 19th"]
[Site "Miercurea Ciuc"]
[Date "2016.08.19"]
[Round "5"]
[White "Gjuran, Denis"]
[Black "Voda, Costel"]
[Result "1-0"]
[WhiteElo "2360"]
[BlackElo "1937"]
[PlyCount "93"]
[EventDate "2016.08.14"]
[EventType "swiss"]
[EventRounds "7"]
[EventCountry "ROU"]
[SourceTitle "EXT 2020"]
[Source "ChessBase"]
[SourceDate "2019.10.17"]
[SourceVersion "1"]
[SourceVersionDate "2019.10.17"]
[SourceQuality "1"]

1. e4 e5 2. Bc4 Nf6 3. d3 Bc5 4. Nf3 Nc6 5. 0-0 d6 6. c3 Qe7 7. b4 Bb6 8. a4 a5 9. b5 Nd8 10. Re1 0-0 11. Ba3 Bc5 12. d4 Bxa3 13. Nxa3 Kh8 14. Bd3 Bg4 15. Nc4 Nd7 16. Ne3 Bxf3 17. Qxf3 Ne6 18. Nd5 Qd8 19. dxe5 Nxe5 20. Qd1 Nxd3 21. Qxd3 Qg5 22. g3 Nc5 23. Qc4 c6 24. bxc6 bxc6 25. Nf4 Qe5 26. Rad1 Rab8 27. Nd3 Nxd3 28. Rxd3 f5 29. Qxc6 fxe4 30. Qxe4 Qc5 31. Qd4 Rb2 32. Qxc5 dxc5 33. Rf3 Rc8 34. Re7 Ra2 35. Rf4 h6 36. Ra7 c4 37. Rxa5 Ra3 38. Rf3 Rc7 39. h4 Kh7 40. Kg2 Rd7 41. h5 g6 42. hxg6+ Kxg6 43. Ra6+ Kg7 44. Rc6 Rxa4 45. Rf4 Rf7 46. Rcxc4 Rxf4 47. Rxf4 1-0

[Event "Miercurea Ciuc Banc Post op 14th"]
[Site "Miercurea Ciuc"]
[Date "2011.08.14"]
[Round "4"]
[White "Voda, Costel"]
[Black "Schmid, Siegfried"]
[Result "0-1"]
[WhiteElo "1986"]
[BlackElo "2141"]
[PlyCount "58"]
[EventDate "2011.08.12"]
[EventType "swiss"]
[EventRounds "9"]
[EventCountry "ROU"]
[SourceTitle "CBM 144 Extra"]
[Source "ChessBase"]
[SourceDate "2011.10.28"]
[SourceVersion "1"]
[SourceVersionDate "2011.10.28"]
[SourceQuality "1"]

1. e4 d6 2. Nf3 Nf6 3. Nc3 c6 4. d4 Nbd7 5. Bd3 e5 6. dxe5 dxe5 7. 0-0 Be7 8. h3 0-0 9. Be3 Qc7 10. Nh2 Bc5 11. Qe2 Bxe3 12. Qxe3 Re8 13. Ng4 Nxg4 14. hxg4 Nf8 15. f3 b5 16. a4 b4 17. Ne2 c5 18. Bc4 Be6 19. Bxe6 Nxe6 20. c4 Rad8 21. Rfd1 Nd4 22. b3 Nc2 23. Rxd8 Rxd8 24. Qc1 Nxa1 25. Qxa1 Rd3 26. a5 g6 27. Qa4 Qd7 28. Qxd7 Rxd7 29. Kf2 Rd3 0-1

[Event "Miercurea Ciuc Banc Post op 13th"]
[Site "Miercurea Ciuc"]
[Date "2010.08.10"]
[Round "1"]
[White "Voda, Costel"]
[Black "Benedek, Istvan"]
[Result "1-0"]
[WhiteElo "1995"]
[BlackElo "1846"]
[PlyCount "63"]
[EventDate "2010.08.10"]
[EventType "swiss"]
[EventRounds "9"]
[EventCountry "ROU"]
[SourceTitle "EXT 2012"]
[Source "ChessBase"]
[SourceDate "2011.11.24"]
[SourceVersion "1"]
[SourceVersionDate "2011.11.24"]
[SourceQuality "1"]

1. e4 e5 2. Nf3 Nc6 3. Bc4 Bc5 4. d3 Nf6 5. c3 0-0 6. b4 Bb6 7. Bg5 d6 8. a4 a6 9. Nbd2 Be6 10. 0-0 Qe7 11. Qb3 Rad8 12. Bd5 Nb8 13. Nc4 Bxd5 14. exd5 Nbd7 15. Ncd2 Qe8 16. Ne4 h6 17. Nxf6+ Nxf6 18. Bxf6 gxf6 19. a5 Ba7 20. Qc4 Qd7 21. Qh4 Kg7 22. Qh5 e4 23. Nh4 Rh8 24. Nf5+ Kf8 25. dxe4 c6 26. Qg4 Rg8 27. Qf4 Rh8 28. Nxh6 Qe7 29. Nf5 Qd7 30. Qg4 Rh7 31. Rad1 c5 32. Rd3 1-0